Online Grocery Shopping is a Privilege of Millenial Customers. Still Truth in COVID-19 Pandemic?

Skúmanie, ako Covid-19 ovplyvnil podiel vybraných generácií zákazníkov nakupujúcich potraviny online a či ovplyvnil aj ich frekvenciu nákupu. Zistenia z troch prieskumov zameraných na nákupy potravín online v Českej republike. Jednotlivé prieskumy sa uskutočňovali v rokoch 2017, 2020 a júni 2020 (po...

ver descrição completa

Na minha lista:
Detalhes bibliográficos
Autor principal: Bauerová, Radka
Formato: Capítulo de Livro
Idioma:inglês
Assuntos:
Tags: Adicionar Tag
Sem tags, seja o primeiro a adicionar uma tag!

MARC

LEADER 00000naa a2200000 4500
001 0277351
005 20241023131556.5
041 0 |a eng 
044 |a CZ 
245 1 0 |a Online Grocery Shopping is a Privilege of Millenial Customers. Still Truth in COVID-19 Pandemic?  |c Radka Bauerová 
520 |a Skúmanie, ako Covid-19 ovplyvnil podiel vybraných generácií zákazníkov nakupujúcich potraviny online a či ovplyvnil aj ich frekvenciu nákupu. Zistenia z troch prieskumov zameraných na nákupy potravín online v Českej republike. Jednotlivé prieskumy sa uskutočňovali v rokoch 2017, 2020 a júni 2020 (po vypuknutí pandémie Covid-19). 
610 2 0 |a správanie spotrebiteľa 
610 2 0 |a nákup elektronický 
610 2 0 |a potraviny 
610 2 0 |a koronavírus 
610 2 0 |a pandémia 
610 2 0 |a obchod elektronický 
610 2 0 |a prieskum 
610 2 0 |a Česko 
100 1 |a Bauerová, Radka